48 States of The US - One minute sprint - Statistics

General Stats
  • This quiz has been taken 287 times
  • The average score is 30 of 48
Answers on the Map
Answers color-coded by a green-red scale on the quiz's map according to % correct below.
 
Answer Stats
Answer % Correct
Texas
89%
California
88%
Oregon
83%
Arizona
82%
Idaho
82%
Washington
82%
Colorado
78%
Nevada
78%
New Mexico
78%
Montana
76%
New York
76%
Utah
76%
Florida
75%
Kansas
75%
North Dakota
75%
Maine
72%
Michigan
72%
Alabama
71%
Iowa
71%
Ohio
69%
Wyoming
69%
Arkansas
68%
Illinois
68%
South Dakota
68%
Minnesota
67%
Georgia
65%
Nebraska
65%
Oklahoma
64%
Wisconsin
64%
Louisiana
60%
Missouri
58%
Kentucky
57%
New Jersey
57%
Indiana
53%
Mississippi
53%
Tennessee
50%
North Carolina
44%
Vermont
44%
Delaware
40%
New Hampshire
40%
South Carolina
40%
Maryland
36%
Pennsylvania
36%
Connecticut
35%
Massachusetts
35%
Virginia
35%
West Virginia
31%
Rhode Island
29%
No matching quizzes found
Score Distribution
Percent of People with Each Score
Percentile by Number Answered
Your Score History
You have not taken this quiz